| 000 | 01670nam a2200241Ia 4500 | ||
|---|---|---|---|
| 999 |
_c36273 _d36273 |
||
| 001 | 2180 | ||
| 003 | GE_BSU | ||
| 005 | 20190513145029.0 | ||
| 008 | 181216s1996||||ge |||||||||||||| ||geo|| | ||
| 020 | _a5511006971 | ||
| 040 | _cGE_BSU | ||
| 041 | _ageo | ||
| 080 | _a327(479.22) ქ–27 | ||
| 245 |
_aქართული დიპლომატია : _bწელიწდეული 3 / _cივანე ჯავახიშვიის სახელობის თბილისის სახელმწიფო უნივერსიტეტი, ქართული დიპლომატიის ისტორიის სამეცნიერო-კვლევითი ლაბორატორია ; მთ. რედ. როინ მეტრეველი. |
||
| 264 |
_aთბილისი : _bთბილისის უნივერსიტეტის გამომცემლობა, _c1996. |
||
| 300 |
_a435 გვ. ; _b19 სმ. |
||
| 520 | _aრეზიუმე ინგლისურ ენაზე | ||
| 653 | _aქართული დიპლომატია | ||
| 653 | _aწელიწდეული | ||
| 700 |
_aმეტრეველი, როინ, _eრედაქტორი _91057 |
||
| 710 |
_aივანე ჯავახიშვილის სახელობის თბილისის სახელმწიფო უნივერსიტეტი, _bქართული დიპლომატიის ისტორიის სამეცნიერო-კვლევითი ლაბორატორია _91058 |
||
| 942 |
_cBK _2udc |
||